00353cam a22001211 4500082001700000100001800017245004100035250001900076260005400095300003700149526003700186650000800223 a954.031bCAR1 aCarthill, Al.14aThe lost dominion,cby Al. Carthill. a3d impression. aEdinburghaLondon,bW. Blackwood and sons,c1924. avi p., 1 l., 351, [1] p.c22 cm. a0b0c0d954_031000000000000_CAR aMCE